| 000 | 00680nam a2200193 i 4500 | ||
|---|---|---|---|
| 001 | 60830 | ||
| 003 | ES-MaACL | ||
| 005 | 20230906164320.0 | ||
| 007 | t| | ||
| 008 | 031107s1970 sp ||||1| spa d | ||
| 100 | 1 |
_aEstrade Camúñez, José. _948240 |
|
| 245 | 1 | 4 |
_aLas micosis o fungosis en Medicina y Veterinaria / _cJosé Estrade Camúñez ; fotografías, Servando Estrade Camúñez ; dibujos de Fernando Estrade Pando. |
| 250 | _a[1ª ed.]. | ||
| 260 |
_aBarcelona : _bJims, _c[1970] |
||
| 300 |
_aXXIII, 395 p., 55 lám. ; _c26 cm. |
||
| 700 | 1 |
_aEstrade Camúñez, Servando. _948241 |
|
| 700 | 1 |
_aEstrade Pando, Fernando. _948242 |
|
| 852 |
_aES-MaACL _jC-37307 _bR.75387 |
||
| 999 |
_c60830 _d60830 |
||